[Event "Wch U18 Girls"]
[Site "Montesilvano"]
[Date "2023.11.24"]
[Round "11"]
[White "Chavez Echeverria, Ana Karen"]
[Black "Hoanca, Alexia Ioana"]
[Result "1/2-1/2"]
[WhiteElo "1230"]
[BlackElo "1830"]
[PlyCount "140"]
[EventDate "2023.11.13"]
[EventType "swiss"]
[EventRounds "11"]
[EventCountry "ITA"]
[SourceTitle "CB48_2023"]
[SourceDate "2023.11.29"]
[SourceVersion "1"]
[SourceVersionDate "2023.11.29"]
[SourceQuality "1"]

1. d4 d5 2. Bf4 Nf6 3. e3 c5 4. Nf3 e6 5. c4 Nc6 6. Nc3 cxd4 7. exd4 Be7 8. c5 Ne4 9. Bd3 Nxc3 10. bxc3 0-0 11. 0-0 Bd7 12. Qc2 f5 13. Ne5 Nxe5 14. Bxe5 Bf6 15. Bd6 Re8 16. Rad1 Rc8 17. Rfe1 Qa5 18. Re3 Ba4 19. Qe2 Bxd1 20. Qxd1 Qxc3 21. Bb5 Qxd4 22. Rd3 Qb2 23. Bxe8 Rxe8 24. Rb3 Qxa2 25. Rxb7 Rc8 26. h3 Qa1 27. Qxa1 Bxa1 28. Rxa7 Bd4 29. Re7 Bxc5 30. Bxc5 Rxc5 31. Rxe6 Kf7 32. Re1 d4 33. Kf1 Rd5 34. f3 f4 35. Re4 d3 36. Rxf4+ Kg6 37. Ke1 d2+ 38. Kd1 h5 39. Re4 Kf5 40. g3 g5 41. g4+ hxg4 42. hxg4+ Kf6 43. Re2 Rd3 44. Rxd2 Rxf3 45. Rd4 Ke5 46. Rb4 Rd3+ 47. Ke2 Rd4 48. Rxd4 Kxd4 49. Kf3 Kd3 50. Kf2 Ke4 51. Kg2 Kf4 52. Kh3 Kf3 53. Kh2 Kxg4 54. Kg2 Kf4 55. Kf2 g4 56. Kg2 Kf5 57. Kf1 g3 58. Kg2 Kg4 59. Kg1 Kf3 60. Kf1 Ke3 61. Kg2 Kf4 62. Kg1 Kf5 63. Kf1 Kg4 64. Kg2 Kh4 65. Kg1 Kh3 66. Kh1 Kg4 67. Kg2 Kf4 68. Kg1 Kf3 69. Kf1 g2+ 70. Kg1 Kg3 1/2-1/2